000
00365nam a2200157Ia 4500
003
0STCL
008
150530s9999 xx 000 0 und d
040
_a
STCL
_c
STCL
100
_a
Mary Lamb; Lucas, E.V.; Ed
245
_a
Letters of Charles and Mary Lamb
260
_c
1910
546
_a
English
942
_2
ddc
_c
BK
999
_c
60689
_d
60689
005
20220125171139.0